[Event "1. liga V 19/20"]
[Site "?"]
[Date "2020.06.14"]
[Round "11.2"]
[White "Klima, Lukas"]
[Black "Vesselovsky, Serguei"]
[Result "1/2-1/2"]
[BlackElo "2317"]
[WhiteElo "2354"]
[LiveChessVersion "1.4.8"]

1. e4 {[%clk 1:30:55]} c5 {[%clk 1:30:49]} 2. Nf3 {[%clk 1:31:12]} d6
{[%clk 1:31:11]} 3. Bb5+ {[%clk 1:31:09]} Bd7 {[%clk 1:30:57]} 4. Bxd7+
{[%clk 1:31:22]} Qxd7 {[%clk 1:31:22]} 5. O-O {[%clk 1:30:47]} Nf6
{[%clk 1:30:56]} 6. Re1 {[%clk 1:30:22]} Nc6 {[%clk 1:29:48]} 7. c3
{[%clk 1:29:52]} e6 {[%clk 1:28:50]} 8. d3 {[%clk 1:28:00]} Be7 {[%clk 1:25:54]}
9. Nbd2 {[%clk 1:28:08]} O-O {[%clk 1:25:19]} 10. a4 {[%clk 1:28:11]} b6
{[%clk 1:09:54]} 11. h3 {[%clk 1:27:35]} Qc7 {[%clk 1:00:08]} 12. Nf1
{[%clk 1:25:02]} 1/2-1/2

[Event "1. liga V 19/20"]
[Site "?"]
[Date "2020.06.14"]
[Round "11.3"]
[White "Rabatin, Jakub"]
[Black "Caletka, Radomir"]
[Result "1-0"]
[BlackElo "2302"]
[WhiteElo "2271"]
[LiveChessVersion "1.4.8"]

1. e4 {[%clk 1:30:58]} c6 {[%clk 1:30:55]} 2. d4 {[%clk 1:31:24]} d5
{[%clk 1:31:20]} 3. Nc3 {[%clk 1:31:51]} dxe4 {[%clk 1:31:44]} 4. Nxe4
{[%clk 1:32:17]} Nf6 {[%clk 1:32:08]} 5. Nxf6+ {[%clk 1:26:06]} exf6
{[%clk 1:32:20]} 6. c3 {[%clk 1:26:08]} Bd6 {[%clk 1:32:43]} 7. Bd3
{[%clk 1:26:30]} O-O {[%clk 1:33:07]} 8. Qc2 {[%clk 1:26:39]} Re8+
{[%clk 1:33:32]} 9. Ne2 {[%clk 1:27:05]} h5 {[%clk 1:33:45]} 10. Be3
{[%clk 1:17:25]} Nd7 {[%clk 1:33:05]} 11. O-O-O {[%clk 1:06:14]} Nf8
{[%clk 1:32:44]} 12. Kb1 {[%clk 1:02:05]} Be6 {[%clk 1:32:47]} 13. c4
{[%clk 0:58:45]} Rc8 {[%clk 1:33:05]} 14. Nc3 {[%clk 0:42:16]} b5
{[%clk 1:10:08]} 15. c5 {[%clk 0:42:22]} Bc7 {[%clk 1:09:41]} 16. d5
{[%clk 0:40:19]} cxd5 {[%clk 0:56:09]} 17. Bxb5 {[%clk 0:40:43]} Re7
{[%clk 0:53:34]} 18. Bc6 {[%clk 0:38:44]} Be5 {[%clk 0:42:37]} 19. Nxd5
{[%clk 0:38:04]} Bxd5 {[%clk 0:43:00]} 20. Bxd5 {[%clk 0:38:30]} Qa5
{[%clk 0:40:20]} 21. Rd3 {[%clk 0:29:04]} Ne6 {[%clk 0:31:52]} 22. Ra3
{[%clk 0:23:39]} Qc7 {[%clk 0:31:11]} 23. Rc1 {[%clk 0:22:43]} Nd4
{[%clk 0:25:28]} 24. Qc4 {[%clk 0:18:54]} Nf5 {[%clk 0:23:37]} 25. Bd2
{[%clk 0:09:13]} Bd4 {[%clk 0:20:38]} 26. c6 {[%clk 0:07:14]} Bxf2
{[%clk 0:14:33]} 27. Rf3 {[%clk 0:04:18]} Nd6 {[%clk 0:13:38]} 28. Qd3
{[%clk 0:04:27]} Bb6 {[%clk 0:13:03]} 29. Rxf6 {[%clk 0:04:09]} Re5
{[%clk 0:10:29]} 30. Rxd6 {[%clk 0:04:09]} 1-0

[Event "1. liga V 19/20"]
[Site "?"]
[Date "2020.06.14"]
[Round "11.4"]
[White "Malik, Jan"]
[Black "Mica, Marek"]
[Result "0-1"]
[BlackElo "2324"]
[WhiteElo "2289"]
[LiveChessVersion "1.4.8"]

1. d4 {[%clk 1:30:57]} Nf6 {[%clk 1:30:51]} 2. Nf3 {[%clk 1:31:20]} e6
{[%clk 1:31:01]} 3. e3 {[%clk 1:31:27]} b6 {[%clk 1:30:38]} 4. Bd3
{[%clk 1:31:42]} Bb7 {[%clk 1:30:53]} 5. Nbd2 {[%clk 1:32:00]} d6
{[%clk 1:27:15]} 6. e4 {[%clk 1:31:15]} Nbd7 {[%clk 1:26:46]} 7. O-O
{[%clk 1:29:54]} e5 {[%clk 1:21:40]} 8. c3 {[%clk 1:28:58]} Qe7 {[%clk 1:20:06]}
9. Qa4 {[%clk 1:28:17]} a6 {[%clk 1:19:54]} 10. Qc4 {[%clk 1:25:48]} Rc8
{[%clk 1:18:51]} 11. Qb3 {[%clk 1:23:14]} g6 {[%clk 1:16:50]} 12. a4
{[%clk 1:22:33]} Bg7 {[%clk 1:13:41]} 13. Re1 {[%clk 1:22:31]} O-O
{[%clk 1:13:01]} 14. Nf1 {[%clk 1:09:08]} Rb8 {[%clk 1:07:14]} 15. Ng3
{[%clk 1:06:29]} Rfe8 {[%clk 1:01:50]} 16. h3 {[%clk 1:06:46]} Nf8
{[%clk 1:00:28]} 17. Qc2 {[%clk 1:04:26]} N6d7 {[%clk 0:59:53]} 18. Qe2
{[%clk 0:59:54]} Ra8 {[%clk 0:59:57]} 19. a5 {[%clk 1:00:04]} b5 {[%clk 0:59:57]}
20. d5 {[%clk 1:00:26]} c5 {[%clk 0:52:36]} 21. Nh2 {[%clk 0:59:04]} c4
{[%clk 0:50:25]} 22. Bc2 {[%clk 0:59:17]} Nc5 {[%clk 0:50:45]} 23. Ng4
{[%clk 0:55:59]} h5 {[%clk 0:49:17]} 24. Nh6+ {[%clk 0:50:38]} Bxh6
{[%clk 0:41:11]} 25. Bxh6 {[%clk 0:51:05]} h4 {[%clk 0:41:20]} 26. Nf5
{[%clk 0:46:37]} gxf5 {[%clk 0:39:57]} 27. exf5 {[%clk 0:46:57]} f6
{[%clk 0:39:18]} 28. Qg4+ {[%clk 0:46:11]} Kh8 {[%clk 0:39:19]} 29. Qxh4
{[%clk 0:46:39]} Nh7 {[%clk 0:39:35]} 30. Rad1 {[%clk 0:46:39]} Rg8
{[%clk 0:39:33]} 31. Qh5 {[%clk 0:42:00]} Qe8 {[%clk 0:38:43]} 32. Qf3
{[%clk 0:41:25]} Ng5 {[%clk 0:35:47]} 33. Qg4 {[%clk 0:41:54]} Qf7
{[%clk 0:35:55]} 34. h4 {[%clk 0:40:21]} Nh7 {[%clk 0:35:49]} 35. Qf3
{[%clk 0:40:41]} Rae8 {[%clk 0:35:43]} 36. Be3 {[%clk 0:36:56]} e4
{[%clk 0:34:06]} 37. Qf4 {[%clk 0:37:07]} Nd3 {[%clk 0:34:25]} 38. Bxd3
{[%clk 0:35:53]} exd3 {[%clk 0:34:46]} 39. Bd4 {[%clk 0:35:38]} Qxd5
{[%clk 0:33:43]} 40. f3 {[%clk 0:36:06]} Rxe1+ {[%clk 0:33:18]} 0-1

[Event "1. liga V 19/20"]
[Site "?"]
[Date "2020.06.14"]
[Round "11.5"]
[White "Stalmach, Richard"]
[Black "Adamek, Jiri"]
[Result "1-0"]
[BlackElo "2293"]
[WhiteElo "2276"]
[LiveChessVersion "1.4.8"]

1. d4 {[%clk 1:24:08]} Nf6 {[%clk 1:30:30]} 2. c4 {[%clk 1:24:32]} e6
{[%clk 1:30:34]} 3. Nc3 {[%clk 1:24:55]} d5 {[%clk 1:30:58]} 4. cxd5
{[%clk 1:25:22]} exd5 {[%clk 1:31:18]} 5. Bg5 {[%clk 1:25:48]} c6
{[%clk 1:30:55]} 6. e3 {[%clk 1:26:09]} Bf5 {[%clk 1:30:37]} 7. Qf3
{[%clk 1:26:31]} Bg6 {[%clk 1:31:02]} 8. Bxf6 {[%clk 1:26:58]} Qxf6
{[%clk 1:31:24]} 9. Qxf6 {[%clk 1:27:25]} gxf6 {[%clk 1:31:44]} 10. h4
{[%clk 1:27:52]} h5 {[%clk 1:30:18]} 11. Nh3 {[%clk 1:27:45]} Bd6
{[%clk 1:30:39]} 12. g3 {[%clk 1:27:55]} Nd7 {[%clk 1:30:07]} 13. Nf4
{[%clk 1:28:12]} Bxf4 {[%clk 1:28:57]} 14. gxf4 {[%clk 1:28:22]} Nb6
{[%clk 1:24:11]} 15. Bh3 {[%clk 1:01:51]} f5 {[%clk 1:24:30]} 16. Rg1
{[%clk 0:51:51]} Nc8 {[%clk 1:23:06]} 17. O-O-O {[%clk 0:49:39]} Nd6
{[%clk 1:23:17]} 18. Rg5 {[%clk 0:49:26]} Ke7 {[%clk 1:23:27]} 19. Rdg1
{[%clk 0:49:52]} Kf6 {[%clk 1:22:31]} 20. b3 {[%clk 0:45:53]} Rh6
{[%clk 1:17:05]} 21. f3 {[%clk 0:43:49]} Re8 {[%clk 1:17:01]} 22. Kd2
{[%clk 0:43:41]} Kg7 {[%clk 1:11:54]} 23. Bxf5 {[%clk 0:29:55]} Nxf5
{[%clk 1:12:04]} 24. Rxf5 {[%clk 0:30:22]} f6 {[%clk 1:12:21]} 25. Nxd5
{[%clk 0:30:49]} cxd5 {[%clk 1:12:20]} 26. Rxd5 {[%clk 0:31:11]} Kf8
{[%clk 1:10:41]} 27. f5 {[%clk 0:29:26]} Bf7 {[%clk 1:09:50]} 28. Rd7
{[%clk 0:28:40]} Re7 {[%clk 1:09:59]} 29. Rd6 {[%clk 0:29:06]} Be8
{[%clk 0:59:55]} 30. e4 {[%clk 0:20:51]} Rd7 {[%clk 1:00:11]} 31. Rxd7
{[%clk 0:21:18]} Bxd7 {[%clk 1:00:37]} 32. Ke3 {[%clk 0:21:45]} Rh7
{[%clk 0:59:11]} 33. Kf4 {[%clk 0:18:56]} Rg7 {[%clk 0:57:40]} 34. Rc1
{[%clk 0:19:15]} Rf7 {[%clk 0:54:57]} 35. Rc7 {[%clk 0:19:19]} Be6
{[%clk 0:55:04]} 36. Rc2 {[%clk 0:18:45]} Bd7 {[%clk 0:55:29]} 37. Rc1
{[%clk 0:17:21]} Bc6 {[%clk 0:52:09]} 38. Re1 {[%clk 0:14:03]} Rc7
{[%clk 0:47:25]} 39. Rc1 {[%clk 0:13:02]} Rf7 {[%clk 0:47:44]} 40. d5
{[%clk 0:10:32]} Bd7 {[%clk 0:48:00]} 41. Ke3 {[%clk 0:10:42]} Ke8
{[%clk 0:43:38]} 42. Kd4 {[%clk 0:05:55]} Kd8 {[%clk 0:42:23]} 43. Rg1
{[%clk 0:06:00]} Ke7 {[%clk 0:39:11]} 44. Rg6 {[%clk 0:06:13]} Rh7
{[%clk 0:35:42]} 45. f4 {[%clk 0:05:43]} Be8 {[%clk 0:35:16]} 46. Rg8
{[%clk 0:03:26]} Rf7 {[%clk 0:35:14]} 47. d6+ {[%clk 0:25:11]} Kd7
{[%clk 1:05:31]} 48. b4 {[%clk 0:25:37]} Kd8 {[%clk 1:02:10]} 49. e5
{[%clk 0:18:58]} fxe5+ {[%clk 1:02:29]} 50. fxe5 {[%clk 0:19:21]} Rxf5
{[%clk 1:02:20]} 51. e6 {[%clk 0:19:47]} Rf1 {[%clk 1:02:43]} 52. d7
{[%clk 0:20:02]} Rd1+ {[%clk 1:03:08]} 53. Kc5 {[%clk 0:17:19]} Rxd7
{[%clk 1:03:17]} 54. exd7 {[%clk 0:17:47]} Kxd7 {[%clk 1:03:41]} 55. Rg7+
{[%clk 0:18:14]} 1-0

[Event "1. liga V 19/20"]
[Site "?"]
[Date "2020.06.14"]
[Round "11.6"]
[White "Zidek, Vaclav"]
[Black "Stepan, Patrik"]
[Result "0-1"]
[BlackElo "2235"]
[WhiteElo "2108"]
[LiveChessVersion "1.4.8"]

1. d4 {[%clk 1:30:57]} Nf6 {[%clk 1:30:53]} 2. c4 {[%clk 1:31:13]} e6
{[%clk 1:31:17]} 3. Nc3 {[%clk 1:31:39]} Bb4 {[%clk 1:31:34]} 4. Qc2
{[%clk 1:32:03]} c5 {[%clk 1:30:50]} 5. dxc5 {[%clk 1:32:29]} O-O
{[%clk 1:25:50]} 6. Bf4 {[%clk 1:32:50]} Bxc5 {[%clk 1:22:52]} 7. Nf3
{[%clk 1:33:13]} Nc6 {[%clk 1:20:48]} 8. e3 {[%clk 1:33:19]} d5 {[%clk 1:17:53]}
9. O-O-O {[%clk 1:33:10]} Bd7 {[%clk 1:13:14]} 10. Kb1 {[%clk 1:26:48]} Rc8
{[%clk 1:03:13]} 11. Bg5 {[%clk 1:19:17]} Be7 {[%clk 0:44:21]} 12. a3
{[%clk 1:07:02]} Qa5 {[%clk 0:36:23]} 13. Bxf6 {[%clk 0:59:27]} Bxf6
{[%clk 0:36:40]} 14. cxd5 {[%clk 0:58:04]} Ne7 {[%clk 0:36:32]} 15. dxe6
{[%clk 0:40:35]} Bxe6 {[%clk 0:36:32]} 16. Nd4 {[%clk 0:40:47]} Nd5
{[%clk 0:31:46]} 17. Nxd5 {[%clk 0:34:58]} Qxd5 {[%clk 0:16:52]} 18. Nxe6
{[%clk 0:34:30]} Rxc2 {[%clk 0:17:08]} 19. Rxd5 {[%clk 0:34:49]} Rxb2+
{[%clk 0:17:34]} 20. Kc1 {[%clk 0:35:05]} fxe6 {[%clk 0:17:56]} 21. Rc5
{[%clk 0:30:07]} Ra2 {[%clk 0:17:21]} 22. g4 {[%clk 0:20:33]} Be7
{[%clk 0:13:25]} 23. Rc2 {[%clk 0:17:21]} Bxa3+ {[%clk 0:13:10]} 24. Kb1
{[%clk 0:17:40]} Rxc2 {[%clk 0:13:32]} 25. Kxc2 {[%clk 0:18:03]} Rxf2+
{[%clk 0:13:54]} 26. Kb3 {[%clk 0:18:03]} Bc5 {[%clk 0:13:47]} 27. Bc4
{[%clk 0:18:14]} Kf7 {[%clk 0:14:15]} 28. Rd1 {[%clk 0:16:10]} Ke7
{[%clk 0:14:34]} 29. Bb5 {[%clk 0:13:34]} Bd6 {[%clk 0:14:53]} 30. h4
{[%clk 0:12:45]} Rf3 {[%clk 0:14:56]} 31. Rd3 {[%clk 0:11:13]} a6
{[%clk 0:15:21]} 32. e4 {[%clk 0:11:16]} Rf4 {[%clk 0:15:15]} 33. e5
{[%clk 0:11:27]} axb5 {[%clk 0:10:00]} 34. Rxd6 {[%clk 0:10:13]} Rxg4
{[%clk 0:10:04]} 35. Rb6 {[%clk 0:10:40]} Rxh4 {[%clk 0:09:37]} 36. Rxb7+
{[%clk 0:10:58]} Kf8 {[%clk 0:10:03]} 37. Rxb5 {[%clk 0:11:03]} Rd4
{[%clk 0:09:18]} 38. Rb8+ {[%clk 0:10:56]} Ke7 {[%clk 0:09:24]} 39. Rb7+
{[%clk 0:10:32]} Rd7 {[%clk 0:09:44]} 40. Rb4 {[%clk 0:10:44]} Rd5
{[%clk 0:09:59]} 41. Rb7+ {[%clk 0:11:10]} Kf8 {[%clk 0:10:21]} 42. Kc4
{[%clk 0:10:48]} h5 {[%clk 0:10:24]} 43. Ra7 {[%clk 0:10:48]} h4 {[%clk 0:10:27]}
44. Rb7 {[%clk 0:10:53]} Rxe5 {[%clk 0:10:41]} 45. Kd4 {[%clk 0:11:08]} Rh5
{[%clk 0:09:51]} 46. Ke4 {[%clk 0:11:10]} h3 {[%clk 0:10:13]} 47. Rb1
{[%clk 0:11:25]} h2 {[%clk 0:10:35]} 48. Rh1 {[%clk 0:11:53]} g5 {[%clk 0:10:03]}
49. Ke5 {[%clk 0:12:21]} Ke7 {[%clk 0:10:09]} 50. Ke4 {[%clk 0:12:42]} Rh3
{[%clk 0:10:11]} 51. Ke5 {[%clk 0:13:05]} Re3+ {[%clk 0:10:01]} 52. Kd4
{[%clk 0:13:33]} Re2 {[%clk 0:10:23]} 53. Kd3 {[%clk 0:13:55]} Rg2
{[%clk 0:10:49]} 54. Ke3 {[%clk 0:14:20]} g4 {[%clk 0:11:14]} 55. Kf4
{[%clk 0:13:58]} g3 {[%clk 0:11:23]} 0-1

[Event "1. liga V 19/20"]
[Site "?"]
[Date "2020.06.14"]
[Round "11.7"]
[White "Holeksa, Zdenek"]
[Black "Cempel, Jaroslav"]
[Result "1/2-1/2"]
[BlackElo "2045"]
[WhiteElo "2250"]
[LiveChessVersion "1.4.8"]

1. e4 {[%clk 1:30:53]} d5 {[%clk 1:31:11]} 2. exd5 {[%clk 1:31:22]} Qxd5
{[%clk 1:31:33]} 3. Nc3 {[%clk 1:31:46]} Qd6 {[%clk 1:31:55]} 4. d4
{[%clk 1:32:05]} Nf6 {[%clk 1:32:05]} 5. g3 c6 {[%clk 1:30:24]} 6. Bf4
{[%clk 1:30:51]} Qd8 {[%clk 1:29:47]} 7. Bg2 {[%clk 1:27:56]} Be6
{[%clk 1:27:44]} 8. Nf3 {[%clk 1:25:32]} Nd5 {[%clk 1:21:22]} 9. Nxd5
{[%clk 1:25:10]} Bxd5 {[%clk 1:21:11]} 10. O-O {[%clk 1:25:25]} e6
{[%clk 1:19:21]} 11. b3 {[%clk 1:24:18]} Bd6 {[%clk 1:16:55]} 12. c4
{[%clk 1:21:53]} Bxf3 {[%clk 1:15:48]} 13. Qxf3 {[%clk 1:22:17]} Bxf4
{[%clk 1:15:23]} 14. Qxf4 {[%clk 1:22:28]} O-O {[%clk 1:15:08]} 15. Rad1
{[%clk 1:21:58]} Qa5 {[%clk 1:10:44]} 16. d5 {[%clk 1:10:59]} exd5
{[%clk 1:06:20]} 17. cxd5 {[%clk 1:11:25]} Qxa2 {[%clk 1:05:49]} 18. d6
{[%clk 1:11:48]} Nd7 {[%clk 1:05:29]} 19. Qb4 {[%clk 1:03:32]} Qa6
{[%clk 1:04:42]} 20. Bh3 {[%clk 1:02:47]} Qb6 {[%clk 1:01:05]} 21. Qc3
{[%clk 1:02:49]} Rad8 {[%clk 0:59:31]} 22. Rfe1 {[%clk 1:02:48]} Nf6
{[%clk 0:55:50]} 23. d7 {[%clk 1:01:14]} h6 {[%clk 0:40:08]} 24. Rd6
{[%clk 0:55:06]} Nd5 {[%clk 0:36:28]} 25. Qe5 {[%clk 0:50:31]} Qxb3
{[%clk 0:29:39]} 26. Re4 {[%clk 0:48:45]} f6 {[%clk 0:19:06]} 27. Qe6+
{[%clk 0:42:16]} Kh8 {[%clk 0:19:07]} 28. Kg2 {[%clk 0:40:34]} Qa3
{[%clk 0:13:12]} 29. Bf5 {[%clk 0:35:48]} Qc5 {[%clk 0:07:23]} 30. Rg4
{[%clk 0:23:25]} a5 {[%clk 0:04:18]} 31. Be4 {[%clk 0:23:35]} g5 {[%clk 0:00:37]}
32. Qf5 {[%clk 0:12:17]} Rf7 {[%clk 0:00:59]} 33. Rxf6 {[%clk 0:12:42]} Ne3+
{[%clk 0:01:08]} 34. fxe3 {[%clk 0:13:06]} Qxf5 {[%clk 0:01:23]} 35. Rxf5
{[%clk 0:13:30]} Rdxd7 {[%clk 0:01:27]} 36. Rxf7 {[%clk 0:13:15]} Rxf7
{[%clk 0:01:50]} 37. Bf3 {[%clk 0:13:30]} Rf6 {[%clk 0:00:35]} 38. Ra4
{[%clk 0:13:37]} b6 {[%clk 0:00:59]} 39. Kf2 {[%clk 0:13:34]} b5 {[%clk 0:01:15]}
40. Rd4 {[%clk 0:13:50]} a4 {[%clk 0:01:05]} 41. Ke2 {[%clk 0:14:02]} a3
{[%clk 0:01:07]} 42. Rd8+ {[%clk 0:14:12]} Kg7 {[%clk 0:01:28]} 43. Ra8
{[%clk 0:14:25]} b4 {[%clk 0:01:40]} 44. Ra4 {[%clk 0:14:36]} c5 {[%clk 0:01:20]}
45. Bd5 {[%clk 0:14:57]} Rb6 {[%clk 0:01:03]} 46. Bb3 {[%clk 0:14:33]} c4
{[%clk 0:30:27]} 47. Bxc4 {[%clk 0:44:13]} b3 {[%clk 0:30:47]} 48. Rxa3
{[%clk 0:44:32]} b2 {[%clk 0:31:10]} 49. Bd3 {[%clk 0:44:56]} b1=Q
{[%clk 0:31:28]} 50. Bxb1 {[%clk 0:45:20]} Rxb1 {[%clk 0:31:50]} 51. Kf3
{[%clk 0:45:08]} h5 {[%clk 0:28:19]} 52. Ra2 {[%clk 0:43:29]} Rb4
{[%clk 0:28:00]} 53. Rd2 {[%clk 0:43:38]} g4+ {[%clk 0:27:29]} 54. Ke2
{[%clk 0:44:05]} Kf6 {[%clk 0:26:39]} 55. Kd3 {[%clk 0:44:20]} Ke5
{[%clk 0:26:12]} 56. Rc2 {[%clk 0:44:47]} Rb5 {[%clk 0:25:25]} 57. Rc8
{[%clk 0:41:18]} Rb3+ {[%clk 0:17:15]} 58. Kc4 {[%clk 0:41:44]} Rb2
{[%clk 0:16:56]} 59. Re8+ {[%clk 0:41:51]} Kd6 {[%clk 0:16:53]} 60. Kd4
{[%clk 0:42:06]} Rxh2 {[%clk 0:17:10]} 61. Rh8 {[%clk 0:42:15]} Rh3
{[%clk 0:15:31]} 62. Rh6+ {[%clk 0:42:18]} Ke7 {[%clk 0:15:35]} 63. e4
{[%clk 0:42:43]} Kf7 {[%clk 0:13:52]} 64. e5 {[%clk 0:42:38]} Kg7
{[%clk 0:10:54]} 65. e6 {[%clk 0:42:58]} Rxg3 {[%clk 0:09:26]} 66. Rxh5
{[%clk 0:41:02]} Kf6 {[%clk 0:09:38]} 67. Rh6+ {[%clk 0:41:09]} Ke7
{[%clk 0:09:44]} 68. Ke5 {[%clk 0:41:35]} Rg1 {[%clk 0:08:31]} 69. Rh7+
{[%clk 0:41:54]} Ke8 {[%clk 0:08:46]} 70. Kf6 {[%clk 0:42:19]} Rf1+
{[%clk 0:08:59]} 71. Ke5 {[%clk 0:42:44]} g3 {[%clk 0:08:53]} 72. Rg7
{[%clk 0:43:08]} Re1+ {[%clk 0:08:54]} 73. Kf4 {[%clk 0:43:33]} g2
{[%clk 0:08:53]} 74. Rxg2 {[%clk 0:43:59]} Rxe6 {[%clk 0:09:14]} 75. Rg5
{[%clk 0:44:26]} Rf6+ {[%clk 0:09:35]} 76. Rf5 {[%clk 0:44:53]} Rxf5+
{[%clk 0:10:02]} 77. Kxf5 {[%clk 0:45:18]} 1/2-1/2

[Event "1. liga V 19/20"]
[Site "?"]
[Date "2020.06.14"]
[Round "11.8"]
[White "Stukner, Simon"]
[Black "Gnojek, Petr"]
[Result "1-0"]
[BlackElo "2126"]
[WhiteElo "2188"]
[LiveChessVersion "1.4.8"]

1. Nf3 {[%clk 1:30:55]} d6 {[%clk 1:30:53]} 2. d4 {[%clk 1:29:06]} Nf6
{[%clk 1:31:14]} 3. Nc3 {[%clk 1:29:13]} g6 {[%clk 1:31:26]} 4. Bg5
{[%clk 1:27:48]} Bg7 {[%clk 1:28:24]} 5. Qd2 {[%clk 1:27:00]} h6 {[%clk 1:28:00]}
6. Bh4 {[%clk 1:23:09]} a6 {[%clk 1:28:01]} 7. e3 {[%clk 1:21:35]} b5
{[%clk 1:22:09]} 8. Bxf6 {[%clk 1:18:39]} exf6 {[%clk 1:22:02]} 9. a4
{[%clk 1:18:32]} b4 {[%clk 1:22:12]} 10. Nd5 {[%clk 1:18:14]} a5 {[%clk 1:22:18]}
11. c3 {[%clk 1:14:58]} c6 {[%clk 1:18:38]} 12. Nf4 {[%clk 1:14:11]} bxc3
{[%clk 1:18:38]} 13. bxc3 {[%clk 1:14:33]} O-O {[%clk 1:17:12]} 14. Bd3
{[%clk 1:11:07]} f5 {[%clk 1:14:40]} 15. O-O {[%clk 1:07:50]} Ba6
{[%clk 1:01:55]} 16. Rab1 {[%clk 1:07:24]} Nd7 {[%clk 1:01:26]} 17. Bxa6
{[%clk 1:02:56]} Rxa6 {[%clk 1:01:49]} 18. Qa2 {[%clk 0:59:28]} g5
{[%clk 0:56:10]} 19. Nh5 {[%clk 0:58:00]} Rb6 {[%clk 0:54:10]} 20. Qc2
{[%clk 0:55:15]} Rxb1 {[%clk 0:49:49]} 21. Rxb1 {[%clk 0:54:12]} Nf6
{[%clk 0:47:29]} 22. Nxg7 {[%clk 0:49:48]} Kxg7 {[%clk 0:47:53]} 23. Qxf5
{[%clk 0:50:14]} Nd5 {[%clk 0:48:20]} 24. Rb3 {[%clk 0:47:40]} Re8
{[%clk 0:44:02]} 25. h4 {[%clk 0:43:01]} gxh4 {[%clk 0:37:52]} 26. Qg4+
{[%clk 0:41:26]} Kh7 {[%clk 0:38:13]} 27. Qxh4 {[%clk 0:40:38]} Qxh4
{[%clk 0:38:03]} 28. Nxh4 {[%clk 0:41:07]} c5 {[%clk 0:37:52]} 29. Nf5
{[%clk 0:20:55]} Re6 {[%clk 0:36:03]} 30. c4 {[%clk 0:16:45]} Nb4
{[%clk 0:36:19]} 31. d5 {[%clk 0:16:56]} Rf6 {[%clk 0:36:36]} 32. Ne7
{[%clk 0:16:36]} h5 {[%clk 0:33:02]} 33. Nc6 {[%clk 0:15:27]} Rg6
{[%clk 0:33:26]} 34. Nxa5 {[%clk 0:15:34]} Rg8 {[%clk 0:33:53]} 35. Nb7
{[%clk 0:15:16]} Ra8 {[%clk 0:33:53]} 36. Nxd6 {[%clk 0:13:23]} Rxa4
{[%clk 0:34:17]} 37. Nb7 {[%clk 0:11:27]} Ra1+ {[%clk 0:34:37]} 38. Kh2
{[%clk 0:11:50]} Rc1 {[%clk 0:33:43]} 39. d6 {[%clk 0:09:38]} Rd1
{[%clk 0:34:02]} 40. Nxc5 {[%clk 0:09:38]} Nc6 {[%clk 0:34:27]} 41. d7
{[%clk 0:09:03]} Ne5 {[%clk 0:34:06]} 42. Rb7 {[%clk 0:08:33]} h4
{[%clk 0:31:04]} 43. Ne6 {[%clk 0:07:13]} Nc6 {[%clk 0:29:45]} 44. Rc7
{[%clk 0:06:35]} Rd2 {[%clk 0:29:43]} 45. Nf8+ {[%clk 0:06:18]} Kg7
{[%clk 0:30:10]} 46. Rxc6 {[%clk 0:06:31]} 1-0